000
00229 a2200097 4500
001
48772
100
_a
Ramarishnan
245
_a
Metal, ceramic camposite powder
260
_a
New Delhi
_b
Oxford IBM ltd
_c
090
_c
31673
_d
31673
942
_a
NUST-CAE
_c
M
_c
24084
999
_c
283845
_d
283845